Entrepreneurship at a Glance 2017
Gespeichert in:
| Format: | Buch |
|---|---|
| Sprache: | Englisch |
| Veröffentlicht: |
Paris
OECD
2017
|
| Schriftenreihe: | Entrepreneurship at a Glance
|
| Schlagworte: | |
| Tags: |
Keine Tags, Fügen Sie das erste Tag hinzu!
|
MARC
| LEADER | 00000nam a2200000 4500 | ||
|---|---|---|---|
| 001 | 0241325 | ||
| 005 | 20240314122908.2 | ||
| 020 | |a 978-92-64-27992-6 | ||
| 041 | 0 | |a eng | |
| 044 | |a FR | ||
| 245 | 1 | 0 | |a Entrepreneurship at a Glance 2017 |
| 264 | 1 | |a Paris |b OECD |c 2017 | |
| 300 | |a 145 s. | ||
| 490 | 1 | |a Entrepreneurship at a Glance | |
| 830 | 0 | |a Entrepreneurship at a Glance | |
| 610 | 2 | 0 | |a podnikanie |
| 610 | 2 | 0 | |a založenie podniku |
| 610 | 2 | 0 | |a vývoj podniku |
| 610 | 2 | 0 | |a digitalizácia |
| 610 | 2 | 0 | |a veľkosť podnikov |
| 610 | 2 | 0 | |a zamestnanci |
| 610 | 2 | 0 | |a produktivita práce |
| 610 | 2 | 0 | |a mzdy |
| 610 | 2 | 0 | |a miesta pracovné |
| 610 | 2 | 0 | |a podnik malý |
| 610 | 2 | 0 | |a podnik stredný |
| 610 | 2 | 0 | |a obchod medzinárodný |
| 610 | 2 | 0 | |a samozamestnanosť |
| 610 | 2 | 0 | |a ženy |
| 610 | 2 | 0 | |a kapitál rizikový |
| 610 | 2 | 0 | |a investície |
| 610 | 2 | 0 | |a porovnanie štatistické medzinárodné |